DUITSE NAAMVAL 3e VOORZETSELS - Statistics

General Stats
  • This quiz has been taken 4 times
  • The average score is 8 of 11
Answer Stats
Answer % Correct
Aus
100%
Bei
100%
Mit
100%
Nach
100%
Von
100%
Zu
100%
Seit
75%
Gegenüber
50%
Ausser
25%
Entgegen
25%
An vorbei
0%
No matching quizzes found
Score Distribution
Percent of People with Each Score
Percentile by Number Answered
Your Score History
You have not taken this quiz